000 00811nmm a2200253 a 4500
003 AR-BaBNM
005 20251128203322.0
008 107019s1926 ||||||||||||||000 | spa||
040 _cAR-BaBNM
100 1 _aLópez, Vicente Fidel
_d1815-1903
245 1 0 _aHistoria de la Argentina
_bsu origen, su revolución y su desarrollo político hasta 1852. 9
250 _a4ª ed.
260 _aBuenos Aires
_bLa Facultad
_c1926
300 0 _a602 p.
_bil., láms.
500 0 _aContiene apéndice para consultar p. 577-602
600 1 4 _aLas Heras, Juan Gregorio de
_d1824-1826
600 1 4 _aRivadavia, Bernardino
_d1826-1827
650 4 _aCAUDILLOS ARGENTINOS
650 4 _aCONGRESO CONSTITUYENTE DE 1824
650 4 _aLIGA DE LAS PROVINCIAS
650 4 _aGUERRA DEL BRASIL
942 _cBK
998 _cmariana
999 _c2878
_d2878